000 00751nam0a2200253 4500
001 RU\NLR\bibl\1111593
005 20250615061726.0
010 _a978-5-353-01952-7
_97000
021 _aRU
_b2007-39838
_92136
035 _a(NLR Aleph) 001098630
090 _a1163962
_c1163962
100 _a20070720d2007 |||y0rusy50 ca
101 1 _arus
_cfre
102 _aRU
105 _aa |||||||||
200 1 _aУпражнения на каждый день
_e5-6 лет
_f[пер. с фр. В.В. Тах]
210 _aМосква
_cРосмэн
_d2007
215 _a80 с.
_cцв. ил.
_d28
225 1 _aДошкольный клуб
801 0 _aRU
_bNLR
_c20070720
_gRCR
801 1 _aRU
_bNLR
_c20070720
942 _cBOOK
980 _aNB